00264nam a2200121Ia 4500008004100000041000900041082001700050100001500067245001100082260003300093300000800126650000800134230718s9999 xx 000 0 und d aEng. a825.3bKEN-R aKenny, Jon 0aRegret aPakistanbPenguin Bookc2002 a266 aLaw